000 00198nam a2200085Ia 4500
008 120527s9999 xx 000 0 und d
100 _aGiddens, et al
245 _aEssentials of sociology
942 _cBK
999 _c27673
_d27673